00411nam a2200097Ia 45000010005000000080041000050820025000461000098000712450099001692600045002683504241024s9999 xx 000 0 und d aRD/334.07/C778m/2012 aRepública Dominicana.Cooperativa Nacional de Servicios Múltiples de los Maestros COOPNAMA 0aAsamblea general 62. Ordinaria de delegados, informe anual 2012 diciembre 6 y 7 diciembre 2013 bJuan Dolio, República Dominicanac2012